AEW World Chmapion - Statistiken

Allgemein
  • Dieses Quiz wurde 128 mal gespielt
    77 seit der letzten Aktualisierung
  • Das Durchschnittsergebnis liegt bei 5 aus 6
Antwortstatistiken
Titel
Regentschaften
Letzter
Titelgewinn
Name % Korrekt
3 2022 Jon Moxley
94%
1 2020 Kenny Omega
94%
1 2019 Chris Jericho
88%
1 2022 MJF
84%
1 2021 "Hangman" Adam Page
72%
2 2022 CM Punk
67%
Keine übereinstimmenden Quizze gefunden
Verteilung der Resultate
Anzahl Personen mit jedem Resultat
Perzentil nach korrekt beantworteten Fragen
Ihre Resultats-Entwicklung
Sie haben dieses Quiz seit der letzten Aktualisierung nicht gespielt